| 000 | 00785nam a2200229 4500 | ||
|---|---|---|---|
| 003 | OSt | ||
| 005 | 20240606020615.0 | ||
| 006 | a | ||
| 008 | 240606b |||||||| |||| 00| 0 eng d | ||
| 020 | _a03166124343 | ||
| 040 |
_aDWCL-HMN lib. _cOC |
||
| 082 | _aCirc. 641.5123 K49c 2002 | ||
| 100 | _aKimball, Christopher | ||
| 245 | _aThe classic cookbook : the best of American home cooking : together in one volume, The American Cook’s bible and the The Dessert bible / | ||
| 260 |
_aBoston : _bLittle, Brown and Co., _cc2002. |
||
| 300 |
_a2 v. in 1 (xv, 443 pages., viv, 399 pages) : _billustrations ; _c29 cm. |
||
| 504 | _aIncludes indexes. | ||
| 650 | _a1. Cokking, American. | ||
| 650 | _a 2. Desserts. | ||
| 700 | _aChristopher Kimball | ||
| 942 |
_2ddc _n0 _cBK-CIRC _kCirc. |
||
| 999 |
_c237 _d237 |
||